000 00618nam a22002057a 4500
003 OSt
005 20160322141541.0
008 160322b xxu||||| |||| 00| 0 eng d
010 _a00061260
020 _a0324026455
040 _aDLC
_bDLC
_cDLC
050 _aHF5686
_b .C8B2758 2000
100 _aBarfield ,Jesse T
245 _aCost accounting:Traditions & Innovations
_cBarfield Jesse T,Raiborn Cecily A,Kinney Michael R.
250 _a4th ed.
260 _aCincinnati,Ohio.
_bSouth-Western College Pub.
_cc2000
300 _axxi,960,[30]p
_bcol,ill
_c29cm
650 _acost accounting
_zUSA
942 _2lcc
_cBK
999 _c253031
_d253030